[Event "Pardubice"]
[Site "Pardubice"]
[Date "1994.??.??"]
[Round "9"]
[White "Georgiev, Kiril"]
[Black "Greenfeld, Alon"]
[Result "1-0"]
[WhiteElo "2615"]
[BlackElo "2600"]

1.e4 c5 2.Nf3 d6 3.d4 cxd4 4.Nxd4 Nf6 5.Nc3 Nc6 6.Bg5 e6 7.Qd2 a6 8.O-O-O h6
9.Be3 Be7 10.f3 Nxd4 11.Qxd4 b5 12.g4 Qa5 13.Kb1 Bb7 14.a3 Rc8 15.h4 d5 16.exd5 Bxd5
17.Nxd5 Nxd5 18.Bd2 Qc7 19.Bd3 Bf6 20.Qe4 Qe5 21.c3 g6 22.f4 Qxe4 23.Bxe4 Ne7
24.h5 g5 25.fxg5 Bxg5 26.Bxg5 hxg5 27.Rd6 O-O 28.Rxa6 Rc4 29.Re1 Rd8 30.Ra5 Rb8
31.Ra7 Nc8 32.Rd7 Nb6 33.Rd6 Kg7 34.Re2 Na4 35.Re3 Rbc8 36.Bf3 Rf4 37.Be2 Rc5
38.Kc2 Rf2 39.Ra6 Rd5 40.b4 Nb2 41.Kxb2 Rd2+ 42.Kb3 Rdxe2 43.Rxe2 Rxe2 44.a4 bxa4+
45.Rxa4 f5 46.b5 f4 47.b6 Re1 48.Ka2  1-0

[Event "Paris op"]
[Site "Paris"]
[Date "1994.??.??"]
[Round "1"]
[White "Grimberg, Gilbert"]
[Black "Anka, Emil"]
[Result "1/2-1/2"]
[WhiteElo "2285"]
[BlackElo "2390"]

1.e4 c5 2.Nf3 Nc6 3.d4 cxd4 4.Nxd4 Nf6 5.Nc3 d6 6.Bg5 e6 7.Qd2 Be7 8.O-O-O O-O
9.h4 Nxd4 10.Qxd4 Qa5 11.g4 e5 12.Qd3 Bxg4 13.Be2 Be6 14.Kb1 Rac8 15.Nd5 Bxd5
16.exd5 Rc5 17.c4 b5 18.cxb5 Rxd5 19.Qb3 Rxd1+ 20.Rxd1 Qb6 21.Be3 Qb7 22.Bc4 Ng4
23.Bd5 Qb8 24.a4 Nxe3 25.fxe3 Bd8 26.Rf1 Qc7 27.h5 h6 28.Qd3 Bg5 29.b4 Kh8
30.Rc1 Qb6 31.Rc3 f5 32.a5 Qb8 33.Rc6 e4 34.Qe2  1/2-1/2

[Event "Paris APSAP"]
[Site "Paris"]
[Date "1994.??.??"]
[Round "6"]
[White "Murrey, Jacob"]
[Black "Relange, Eloi"]
[Result "0-1"]
[WhiteElo "2495"]
[BlackElo "2445"]

1.e4 c5 2.Nf3 d6 3.d4 cxd4 4.Nxd4 Nf6 5.Nc3 Nc6 6.Bg5 e6 7.Qd2 Be7 8.O-O-O Nxd4
9.Qxd4 O-O 10.f3 a6 11.Bc4 b5 12.Bb3 Bb7 13.h4 Rc8 14.Kb1 Qa5 15.Qe3 Qc7
16.h5 h6 17.Bf4 Qc5 18.Qd2 Rfd8 19.Ne2 Qc7 20.Rh3 Nh7 21.Nd4 e5 22.Bxh6 gxh6
23.Qxh6 Kh8 24.Nf5 Bf8 25.Qd2 d5 26.exd5 Bxd5 27.Qe2 Bc4 28.Bxc4 Qxc4 29.Rd3 Rxd3
30.Qxd3 Rd8 31.b3 Qxd3 32.cxd3 Rxd3 33.Kc2 Rd7 34.Rh4 Nf6 35.a4 Bc5 36.axb5 axb5
37.g4 Nd5 38.g5 Ne3+ 39.Nxe3 Bxe3 40.Re4 Bf4 41.Kc3 Rd5  0-1

[Event "Paris APSAP"]
[Site "Paris"]
[Date "1994.??.??"]
[Round "8"]
[White "Santo Roman, Marc"]
[Black "Relange, Eloi"]
[Result "1/2-1/2"]
[WhiteElo "2420"]
[BlackElo "2445"]

1.e4 c5 2.Nf3 d6 3.d4 cxd4 4.Nxd4 Nf6 5.Nc3 Nc6 6.Bg5 e6 7.Qd2 Be7 8.O-O-O Nxd4
9.Qxd4 O-O 10.e5 dxe5 11.Qxe5 Qe8 12.h4 Bd7 13.Rh3 Bc6 14.Nb5 Nd5 15.Nd6 Qd7
16.Bxe7 Qxe7 17.Nf5 Qf6 18.Qxf6 gxf6 19.Nd4 Bd7 20.c4 Rfc8 21.Nc2 Nb6 22.b3 Kf8
23.Be2 Bc6 24.Bf3 Bxf3 25.Rxf3 Ke7 26.Nb4 Rc7 27.Kb2 a5 28.Nc2 Rg8 29.g3 Nd7
30.Na3 Nc5 31.Nb5 Rcc8 32.Nc3 Rgd8 33.Rxd8 Rxd8 34.Kc2 f5 35.Re3 Kf6 36.f4 Rg8
37.a3 Ne4 38.Nxe4+ fxe4 39.b4 Kf5 40.c5 e5 41.fxe5 Kxe5 42.bxa5 Rc8 43.Rb3 Rxc5+
44.Kd2 Rxa5 45.Rxb7 Rxa3  1/2-1/2

[Event "Passau op"]
[Site "Passau"]
[Date "1994.??.??"]
[Round "?"]
[White "Galanov, Boris"]
[Black "Groszpeter, Attila"]
[Result "0-1"]
[WhiteElo "2435"]
[BlackElo "2525"]

1.e4 c5 2.Nf3 d6 3.d4 cxd4 4.Nxd4 Nf6 5.Nc3 Nc6 6.Bg5 e6 7.Qd2 a6 8.O-O-O h6
9.Bf4 Bd7 10.Nb3 Ne5 11.f3 Be7 12.Kb1 b5 13.Bd3 b4 14.Ne2 a5 15.Nbc1 Qb8
16.Be3 Qb7 17.h3 O-O 18.f4 Nxd3 19.cxd3 Rfc8 20.g4 Ba4 21.b3 Bc6 22.Ng3 a4
23.g5 hxg5 24.fxg5 axb3 25.Nxb3 Ba4 26.Rc1 Bxb3 27.axb3 Nd5 28.exd5 Qxd5
29.Rc4 Rxc4 30.dxc4 Qe5 31.Qd4 Qxg3 32.Rg1 Qh2 33.Bf2 Qxh3 34.Be3 d5 35.cxd5 Qf5+
36.Kb2 Bd6 37.Kc1 Be5 38.Qxb4 Ra1+ 39.Kd2 Ra2+ 40.Ke1 Qb1+  0-1

[Event "Peristeri"]
[Site "Peristeri"]
[Date "1994.??.??"]
[Round "4"]
[White "Kotronias, Vasilios"]
[Black "Atalik, Suat"]
[Result "1-0"]
[WhiteElo "2545"]
[BlackElo "2535"]

1.e4 c5 2.Nf3 d6 3.d4 cxd4 4.Nxd4 Nf6 5.Nc3 Nc6 6.Bg5 e6 7.Qd2 a6 8.O-O-O h6
9.Bf4 Bd7 10.Nxc6 Bxc6 11.f3 d5 12.Qe1 Bb4 13.a3 Ba5 14.Bd2 d4 15.Ne2 Bc7
16.Bb4 e5 17.Qh4 Nd7 18.Qg3 g6 19.Kb1 b5 20.Be1 O-O 21.Qh3 h5 22.g4 hxg4
23.Qxg4 Nf6 24.Qh3 Kg7 25.Ng3 Rh8 26.Qg2 Nh5 27.Bd2 Nxg3 28.hxg3 Qe7 29.Bd3 a5
30.Rxh8 Rxh8 31.Rh1 Rxh1+ 32.Qxh1 Kg8 33.f4 b4 34.axb4 axb4 35.b3 Bd6 36.Qe1 Kg7
37.Qg1 f6 38.Qe1 exf4 39.gxf4 Bb7 40.Kb2 Bc5 41.e5 f5 42.Qe2 Bd5 43.Be1 Qa7
44.Kb1 Qf7 45.Kb2 Qa7 46.Qd1 Be7 47.Bf2 Bc5 48.Bh4 Be7 49.Bxe7 Qxe7 50.Qg1 Be6
51.Qxd4 g5 52.fxg5 Kg6 53.Qh4 Qg7 54.Qxb4 Qxe5+ 55.Qc3 Qxc3+ 56.Kxc3 Kxg5
57.Kd4 f4 58.b4 f3 59.Ke5 Bh3 60.b5 f2 61.b6  1-0

[Event "Peristeri"]
[Site "Peristeri"]
[Date "1994.??.??"]
[Round "7"]
[White "Pandavos, Panayotis"]
[Black "Frendzas, Panayotis"]
[Result "1/2-1/2"]
[WhiteElo "2400"]
[BlackElo "2380"]

1.e4 c5 2.Nf3 Nc6 3.d4 cxd4 4.Nxd4 Nf6 5.Nc3 d6 6.Bg5 e6 7.Qd2 Be7 8.O-O-O O-O
9.f4 Nxd4 10.Qxd4 Qa5 11.Bc4 Bd7 12.e5 dxe5 13.fxe5 Bc6 14.h4  1/2-1/2

[Event "Polanica Zdroj op"]
[Site "Polanica Zdroj"]
[Date "1994.??.??"]
[Round "?"]
[White "Bobras, Piotr"]
[Black "Ryskin, Alexander"]
[Result "1/2-1/2"]
[WhiteElo "2215"]
[BlackElo "2500"]

1.e4 c5 2.Nf3 d6 3.d4 cxd4 4.Nxd4 Nf6 5.Nc3 Nc6 6.Bg5 e6 7.Bb5 Bd7 8.Bxc6 bxc6
9.Qf3 h6 10.Bh4 e5 11.Nf5 g5 12.Bg3 Bxf5 13.Qxf5 Be7 14.O-O-O Qc8 15.Qf3 Qe6
16.h4 g4 17.Qe3 Nh5 18.f4 gxf3 19.Qxf3 Rg8 20.Qxh5 Rxg3 21.Qe2 a5 22.Rd3 Rg4
23.g3 Rd8 24.Rf1 Rg7 25.Rf5 Rb8 26.Rdf3  1/2-1/2

[Event "CRO-ch"]
[Site "Porec"]
[Date "1994.??.??"]
[Round "?"]
[White "Kutuzovic, Branko"]
[Black "Kozul, Zdenko"]
[Result "1/2-1/2"]
[WhiteElo "2365"]
[BlackElo "2575"]

1.e4 c5 2.Nf3 d6 3.d4 cxd4 4.Nxd4 Nf6 5.Nc3 Nc6 6.Bg5 e6 7.Qd2 a6 8.O-O-O Bd7
9.f4 h6 10.Bh4 g5 11.fxg5 Ng4 12.Nf3 hxg5 13.Bg3 Nce5 14.Nxe5 Nxe5 15.Bd3 Be7
16.Rhf1 Qc7 17.Kb1 Rh7 18.Qf2 b5 19.Nd5 exd5 20.Bxe5 dxe5 21.exd5 f5 22.Bxf5 Bxf5
23.Qxf5 Rg7 24.d6 Bxd6 25.Qe6+ Be7 26.Qh6 Bf8 27.Qe6+ Be7 28.Qh6 Bf8 29.Rxf8+ Kxf8
30.Qh8+ Rg8 31.Rf1+ Qf7 32.Rxf7+ Kxf7 33.Qxe5 Kg6 34.Qe6+ Kg7 35.a3 Rgf8
36.h4 gxh4 37.Qe7+ Kg6 38.Qxh4 Rf1+ 39.Ka2 Re8 40.Qg4+ Kf6 41.Qd4+ Kf7 42.Qa7+ Re7
43.Qxa6 Rf5 44.c4 Ree5 45.Qc6 Rg5 46.g4 bxc4 47.Qxc4+ Ke7 48.a4 Re6 49.Ka3 Kd7
50.Qd4+ Rd6 51.Qf4 Rdg6 52.b4 Rxg4 53.Qf5+ Kc7 54.a5 Rg3+ 55.Ka4 R3g4 56.Qf7+ Kb8
57.Qe7 Rg1 58.Qe3 R1g4 59.Qc5 Rg1 60.Qe5+ Kb7 61.b5 R6g4+ 62.Kb3 R4g3+ 63.Kc2 R1g2+
64.Kd1 Rg1+ 65.Ke2 R1g2+  1/2-1/2

[Event "Reno op"]
[Site "Reno"]
[Date "1994.??.??"]
[Round "?"]
[White "Reyes, Juan"]
[Black "Saidy, Anthony Fred"]
[Result "0-1"]
[WhiteElo "2430"]
[BlackElo "2415"]

1.e4 c5 2.Nf3 d6 3.d4 cxd4 4.Nxd4 Nf6 5.Nc3 Nc6 6.Bg5 e6 7.Qd2 a6 8.O-O-O Bd7
9.f4 b5 10.Bxf6 gxf6 11.Nxc6 Bxc6 12.Qe1 Be7 13.Bd3 Qb6 14.Rf1 b4 15.Ne2 Bxe4
16.Bxe4 Qe3+ 17.Qd2 Qxe4 18.Ng3 Qb7 19.f5 e5 20.Rfe1 Rd8 21.Qd5 Qxd5 22.Rxd5 Rb8
23.Ne4 Rb6 24.Re3 Rg8 25.g3 Kd7 26.h3 h5 27.c4 bxc3 28.Rxc3 Rc6 29.Kc2 Rb8
30.Nc5+ Kc8 31.Ne4 Kd7 32.Nc5+ Kc8 33.Ne4 Kc7 34.b3 Rb5 35.Rxb5 axb5 36.a4 bxa4
37.bxa4 d5 38.Nf2 Bc5 39.Nd3 Bd6 40.Nf2 Bc5 41.Nd3 Bd6 42.Nc1 e4 43.g4 hxg4
44.hxg4 d4 45.Rxc6+ Kxc6 46.Nb3 Kd5 47.a5 Bc7 48.a6 Bb6 49.Na5 d3+ 50.Kd1 e3  0-1

[Event "ROM-chT"]
[Site "ROM"]
[Date "1994.??.??"]
[Round "?"]
[White "Tomescu, Vlad"]
[Black "Hogea, Calin"]
[Result "1/2-1/2"]
[WhiteElo "2340"]
[BlackElo "2205"]

1.e4 c5 2.Nf3 d6 3.d4 cxd4 4.Nxd4 Nf6 5.Nc3 Nc6 6.Bg5 Bd7 7.Qd2 Nxd4 8.Qxd4 Qa5
9.Bxf6 gxf6 10.g3 Bc6 11.Bg2 Rg8 12.O-O Qc5 13.Qd3 e6 14.a3 Be7 15.b4 Qh5
16.Rfe1 Rc8 17.Re3 Kf8 18.f4 f5 19.Ree1 fxe4 20.Nxe4 d5 21.Nf2 d4 22.Re5 Qh6
23.f5 Bd6 24.Re2 Bxg2 25.Kxg2 Rc3 26.Qxd4 Bxg3 27.Qd8+ Kg7 28.Qd4+ Kf8 29.Qd8+ Kg7
30.Qd4+ Kf8 31.Qd8+  1/2-1/2

[Event "ROM-chT"]
[Site "ROM"]
[Date "1994.??.??"]
[Round "?"]
[White "Gheorghe, Anca"]
[Black "Susterman, Anja"]
[Result "1/2-1/2"]
[WhiteElo "2035"]
[BlackElo "2215"]

1.e4 c5 2.Nf3 Nc6 3.d4 cxd4 4.Nxd4 Nf6 5.Nc3 d6 6.Bg5 e6 7.f4 Qa5 8.Nb3 Qc7
9.Qd2 a6 10.a4 Be7 11.Be2 h6 12.Bxf6 Bxf6 13.Rd1 Be7 14.O-O O-O 15.Kh1 Rd8
16.Rf3 Kh8 17.Rh3  1/2-1/2

[Event "ROM-chT"]
[Site "ROM"]
[Date "1994.??.??"]
[Round "?"]
[White "Iordachescu, Viorel"]
[Black "Atalik, Suat"]
[Result "1-0"]
[WhiteElo "2450"]
[BlackElo "2530"]

1.e4 c5 2.Nf3 d6 3.d4 cxd4 4.Nxd4 Nf6 5.Nc3 Nc6 6.Bg5 e6 7.Qd2 a6 8.O-O-O h6
9.Be3 Be7 10.f3 Nxd4 11.Qxd4 b5 12.h4 e5 13.Qd2 Qa5 14.Kb1 Be6 15.g4 Rc8
16.a3 Rb8 17.Be2 b4 18.Nd5 Bxd5 19.exd5 Bd8 20.b3 Qxa3 21.Qd3 Rb5 22.Bc1 Qa5
23.Qf5 Rc5 24.Bc4 Nxd5 25.Rxd5 Rxd5 26.h5 Rf8 27.g5 hxg5 28.h6 g6 29.Qe4 Rc5
30.h7 Rh8 31.Bxf7+ Kxf7 32.Rh6 Qc7 33.Bxg5 Rxc2 34.Rxg6 Qc8 35.Rg8 Qe6 36.Kxc2 d5
37.Rxh8 Bxg5 38.Rf8+  1-0

[Event "Sala op"]
[Site "Sala"]
[Date "1994.??.??"]
[Round "6"]
[White "Katz, Roland"]
[Black "Kolesar, Milan"]
[Result "1-0"]
[WhiteElo "2140"]
[BlackElo "2290"]

1.e4 c5 2.Nf3 d6 3.d4 Nf6 4.Nc3 cxd4 5.Nxd4 Nc6 6.Bg5 e6 7.f4 h6 8.Bxf6 Qxf6
9.Ndb5 Qd8 10.Qd2 a6 11.Nd4 Be7 12.Be2 Bd7 13.Bf3 Na5 14.b3 Rc8 15.Nce2 b5
16.O-O Qb6 17.Kh1 Bf6 18.c3 O-O 19.Rac1 Rfd8 20.Rc2 e5 21.Nf5 d5 22.Qc1 Bxf5
23.exf5 e4 24.Bg4 Qc7 25.Rd1 d4 26.Nxd4 Rxd4 27.Rxd4 Bxd4 28.f6 Bxf6 29.Bxc8 Qxc8
30.Qe3 Qc6 31.Re2 Nb7 32.Qxe4 Qxe4 33.Rxe4 Bxc3 34.Re8+ Kh7 35.Rc8 Bb4 36.g3 g6
37.Rb8 Nd6 38.Kg2 Kg7 39.Kf3 Kf6 40.g4 g5 41.Rh8 Kg7 42.Ra8 a5 43.Ra6 Kf6
44.f5 Kg7 45.h3 f6 46.Ra7+ Kf8 47.Ra8+ Ke7 48.Ra7+ Kd8 49.Rh7 Ne8 50.Ke4 Bf8
51.Ra7 Bb4 52.Kd5 Bc3 53.Kc6 Bd4 54.Rd7+  1-0

[Event "San Bernardino op"]
[Site "San Bernardino"]
[Date "1994.??.??"]
[Round "?"]
[White "Gallagher, Joseph G"]
[Black "Van der Poel, Henk"]
[Result "1/2-1/2"]
[WhiteElo "2470"]
[BlackElo "2375"]

1.e4 c5 2.Nf3 d6 3.d4 cxd4 4.Nxd4 Nf6 5.Nc3 Nc6 6.Bg5 e6 7.Qd2 Be7 8.O-O-O O-O
9.Nb3 h6 10.Bxf6 Bxf6 11.Qxd6 Bxc3 12.bxc3 Qh4 13.g3 Qf6 14.Qc5 e5 15.Bc4 Be6
16.Bd5 Rac8 17.Qe3 b6 18.Kb2 Qe7 19.Rd3 Rc7 20.Ka1 Rfc8 21.Rb1 Qa3 22.Qc1 Qa4
23.Nd2 Na5 24.Qb2 Nc4 25.Nxc4 Rxc4 26.Qb3 Qa6 27.f4 exf4 28.gxf4 Rxe4 29.f5 Bxd5
30.Qxd5 Qc4 31.Qxc4 Rexc4 32.Kb2 Rf4 33.Rd5 Rf3 34.c4 Rxc4 35.Re1 Rf2 36.Re8+ Kh7
37.Kb3 Rfxc2 38.Rdd8 R2c3+ 39.Kb2 Rc2+  1/2-1/2

[Event "San Bernardino op"]
[Site "San Bernardino"]
[Date "1994.??.??"]
[Round "?"]
[White "Gallagher, Joseph G"]
[Black "Dubeck, Michael"]
[Result "1-0"]
[WhiteElo "2470"]
[BlackElo "2320"]

1.e4 c5 2.Nf3 d6 3.d4 Nf6 4.Nc3 cxd4 5.Nxd4 Nc6 6.Bg5 Bd7 7.Be2 e6 8.Bxf6 gxf6
9.O-O h5 10.Ndb5 Qb8 11.a4 a6 12.Na3 Qc7 13.Qd2 f5 14.Nc4 Na5 15.Qd4 Rh6
16.Nb6 Rb8 17.exf5 e5 18.Qe3 Bxf5 19.Ncd5 Qd8 20.Qc3 Nc6 21.Bxa6 Bd7 22.Bb5 Rg6
23.a5 Bg7 24.a6 e4 25.Qc4 Be5 26.Qxe4 Rg4 27.f4 bxa6 28.Nxd7 Rxb5 29.N7f6+ Kf8
30.Nxg4 hxg4 31.fxe5  1-0

[Event "San Martin"]
[Site "San Martin"]
[Date "1994.??.??"]
[Round "4"]
[White "Sanchez Almeyra, Jorge"]
[Black "Zarnicki, Pablo"]
[Result "1/2-1/2"]
[WhiteElo "2435"]
[BlackElo "2435"]

1.e4 c5 2.Nf3 d6 3.d4 cxd4 4.Nxd4 Nf6 5.Nc3 Nc6 6.Bg5 e6 7.Qd2 Be7 8.O-O-O O-O
9.Nb3 Qb6 10.f3 Rd8 11.Be3 Qc7 12.Qf2 d5 13.exd5 Nxd5 14.Nxd5 Rxd5 15.Rxd5 exd5
16.g4 Be6 17.Kb1 Bf6 18.Nd4 Nxd4 19.Bxd4 Qf4 20.Bxf6 Qxf6 21.Rg1 d4 22.Bd3 Bd5
23.f4 Re8 24.Re1 Rxe1+ 25.Qxe1 Kf8 26.Qb4+ Qe7 27.a3 Qxb4 28.axb4 h6 29.Kc1 g5
30.fxg5 hxg5 31.Kd2 Ke7 32.c3 dxc3+ 33.Kxc3 Kd6 34.Kd4 Bf3 35.Bf5 f6 36.Ke3 Bd5
37.Kd4 Be6 38.Bxe6 Kxe6 39.Ke4 Kd6 40.Kf5 Ke7 41.b5 Kf7 42.b3 Ke7 43.Kg6 Ke6
44.Kg7 Ke7 45.Kg6 Ke6 46.Kg7 f5 47.gxf5+ Kxf5 48.Kf7 Kg4 49.Kg6 Kh4 50.Kf5  1/2-1/2

[Event "San Sebastian op"]
[Site "San Sebastian"]
[Date "1994.??.??"]
[Round "7"]
[White "Vehi Bach, Victor Manuel"]
[Black "Gomez Esteban, Juan Mario"]
[Result "1-0"]
[WhiteElo "2420"]
[BlackElo "2485"]

1.e4 c5 2.Nf3 d6 3.d4 cxd4 4.Nxd4 Nf6 5.Nc3 Nc6 6.Bg5 e6 7.Bb5 Bd7 8.Bxc6 bxc6
9.Qf3 Qa5 10.Bxf6 gxf6 11.Qxf6 Rg8 12.Qf3 Rb8 13.Nb3 Qa6 14.Ne2 c5 15.O-O c4
16.Nbd4 Rxb2 17.Qc3 Rb6 18.a4 Bg7 19.a5 Rb7 20.Rab1 Be5 21.f4 Bf6 22.Ng3 Bh8
23.Rxb7 Qxb7 24.Qxc4 Qb2 25.Nb3 Qc3 26.Qe2 Ke7 27.Rf3 Qb2 28.Nf1 Rb8 29.Qd2 Qb1
30.e5 d5 31.Qf2  1-0

[Event "Sarospatak op"]
[Site "Sarospatak"]
[Date "1994.??.??"]
[Round "?"]
[White "Videki, Sandor"]
[Black "Varga, Peter"]
[Result "1-0"]
[WhiteElo "2405"]
[BlackElo "2330"]

1.e4 c5 2.Nf3 Nc6 3.d4 cxd4 4.Nxd4 Nf6 5.Nc3 d6 6.Bg5 e6 7.Qd2 a6 8.O-O-O Bd7
9.Qe1 Qc7 10.Kb1 Be7 11.f4 b5 12.Nxc6 Bxc6 13.Bxf6 gxf6 14.Bd3 Qb7 15.Qe3 b4
16.Ne2 d5 17.Ng3 Rg8 18.exd5 Bxd5 19.Bxh7 Rg7 20.Rxd5 Rxh7 21.Rd2 f5 22.h3 a5
23.Rf1 a4 24.Qf3 Qa6 25.Qe2 Qb7 26.Rfd1 Ra5 27.Nh5 a3 28.g4 axb2 29.g5 Ra8
30.Nf6+ Bxf6 31.gxf6 Rh6 32.Rd7 Qc6 33.Qd3 Qb6 34.Qg3 Rg6 35.Qh4 Kf8 36.Qh7  1-0

[Event "Sarospatak op"]
[Site "Sarospatak"]
[Date "1994.??.??"]
[Round "?"]
[White "Foldi, Istvan"]
[Black "Videki, Sandor"]
[Result "1/2-1/2"]
[WhiteElo "2350"]
[BlackElo "2405"]

1.e4 c5 2.Nf3 d6 3.d4 cxd4 4.Nxd4 Nf6 5.Nc3 Nc6 6.Bg5 e6 7.f4 Be7 8.Qd3 O-O
9.O-O-O Nxd4 10.Qxd4 Qa5 11.Bc4 Bd7 12.e5 dxe5 13.fxe5 Bc6 14.Bxf6 gxf6 15.Qg4+ Kh8
16.Rhe1 f5 17.Qh4 Qc5 18.Bd3 Rad8 19.Rd2 Rd4 20.g3 Rg4 21.Kb1 b5 22.Nd1 Bf3
23.Be2 Rd4 24.Qh6 Be4 25.Nc3 Rxd2 26.Qxd2 Qxe5 27.Bd3 Bf6  1/2-1/2

[Event "Sevilla op"]
[Site "Sevilla"]
[Date "1994.??.??"]
[Round "7"]
[White "Fernandez Garcia, Jose L"]
[Black "Ubilava, Elizbar"]
[Result "1/2-1/2"]
[WhiteElo "2455"]
[BlackElo "2535"]

1.e4 c5 2.Nf3 d6 3.d4 cxd4 4.Nxd4 Nf6 5.Nc3 Nc6 6.Bg5 e6 7.Qd2 a6 8.O-O-O h6
9.Bf4 Bd7 10.Nxc6 Bxc6 11.Qe2 Qc7 12.Nd5 Bxd5 13.exd5 e5 14.Bg3 Rc8 15.Kb1 Be7
16.c4 O-O 17.f4 Nd7 18.Qd2 Bf6 19.Bd3 Rce8 20.Rhe1 exf4 21.Bxf4 Ne5 22.Rc1 Qd8
23.Bc2 Bg5 24.g3 g6 25.Qb4 Qc7 26.h4 Bxf4 27.gxf4 Qxc4 28.Re4 Qxb4 29.Rxb4 Nf3
30.Rxb7 Nxh4 31.Rb6 Rd8 32.Rxa6 Rfe8 33.a4 h5 34.Bd3 Ng2 35.f5 Nf4 36.Bb5 Re5
37.fxg6 fxg6 38.Rc7 h4 39.Raa7 Nh5 40.Bd7 Re7 41.Be6+ Rxe6 42.dxe6 h3 43.Rc3 Nf4
44.a5 g5 45.Rcc7 Nxe6 46.Rh7 Ra8 47.Rae7 g4 48.Rh4 Ng5 49.Rxg4 Rxa5 50.Re3  1/2-1/2

[Event "SLO-chT"]
[Site "?"]
[Date "1994.??.??"]
[Round "?"]
[White "Furlan, Miha"]
[Black "Orel, Oskar"]
[Result "1-0"]
[WhiteElo "2300"]
[BlackElo "2300"]

1.e4 c5 2.Nf3 Nc6 3.d4 cxd4 4.Nxd4 Nf6 5.Nc3 d6 6.Bg5 e6 7.Bb5 Bd7 8.Bxc6 Bxc6
9.Nxc6 bxc6 10.e5 Qa5 11.Bxf6 gxf6 12.exd6 Qe5+ 13.Qe2 Bxd6 14.O-O-O Rb8
15.Qd3 Qf4+ 16.Rd2 Be5 17.a3 f5 18.g3 Qh6 19.f4 Bxc3 20.Qxc3 O-O 21.Rhd1 Rfc8
22.Rd7 Qxh2 23.Qf6 Qh5 24.Rxa7 Qg6 25.Qxg6+ hxg6 26.Rdd7 Rf8 27.Rac7 Kg7
28.b4 g5 29.Rxc6 Kg6 30.Rcc7 Kh5 31.fxg5 Kg4 32.Rxf7 Kxg3 33.g6 f4 34.Rxf8 Rxf8
35.Rf7 Rg8 36.g7 e5 37.Kd2 Kf3 38.b5 e4 39.b6 e3+ 40.Ke1 Rd8 41.Rf8  1-0

[Event "Wch U26"]
[Site "Sofia"]
[Date "1994.??.??"]
[Round "7"]
[White "Hatanbaatar, Bazar"]
[Black "Altgelt, Alexander"]
[Result "1-0"]
[WhiteElo "2340"]
[BlackElo "2220"]

1.e4 c5 2.Nf3 d6 3.d4 cxd4 4.Nxd4 Nf6 5.Nc3 Nc6 6.Bg5 e6 7.Qd2 a6 8.O-O-O Bd7
9.f4 Qc7 10.Be2 Be7 11.Nb3 O-O 12.e5 Nd5 13.Nxd5 exd5 14.Qxd5 Bxg5 15.fxg5 Nxe5
16.Qxd6 Qxd6 17.Rxd6 Bc6 18.Rg1 Rfe8 19.Nd4 Be4 20.g3 Rac8 21.Rd1 g6 22.c3 h6
23.gxh6 Kh7 24.Rf1 Rc7 25.g4 Kxh6 26.h4 Kg7 27.h5 Nd3+ 28.Bxd3 Bxd3 29.Rd1 Be4
30.hxg6 Bxg6 31.Nf5+ Kh7 32.R6d2 Re5 33.Rh2+  1-0

[Event "Solin"]
[Site "Solin"]
[Date "1994.??.??"]
[Round "10"]
[White "Zelic, Zdravko"]
[Black "Grosar, Aljosa"]
[Result "1/2-1/2"]
[WhiteElo "2390"]
[BlackElo "2435"]

1.e4 c5 2.Nf3 d6 3.d4 cxd4 4.Nxd4 Nf6 5.Nc3 Nc6 6.Bg5 e6 7.Qd2 a6 8.O-O-O Bd7
9.f4 b5 10.Nxc6 Bxc6 11.Qe1 Be7  1/2-1/2

[Event "St Ingbert op"]
[Site "St Ingbert"]
[Date "1994.??.??"]
[Round "4"]
[White "Bebchuk, Evgeni"]
[Black "Vasiukov, Evgeni"]
[Result "1/2-1/2"]
[WhiteElo "2305"]
[BlackElo "2505"]

1.e4 c5 2.Nf3 Nc6 3.d4 cxd4 4.Nxd4 Nf6 5.Nc3 d6 6.Bg5 Qb6 7.Nb3 e6 8.Qd2 a6
9.Be2 Qc7 10.O-O b5 11.a4 b4 12.Bxf6 gxf6 13.Nd1 Bg7 14.Ne3 O-O 15.a5 Rb8
16.f4 f5 17.exf5 Bxb2 18.Rad1 d5 19.fxe6 fxe6 20.f5 Bc3 21.Qc1 d4 22.fxe6 dxe3
23.Rxf8+ Kxf8 24.Rf1+ Kg8 25.Qxe3 Bg7 26.Bc4 Ne7 27.Rf7 Qxc4 28.Rxe7 Bxe6
29.Qg3 Bf7 30.Qxb8+ Bf8 31.Qg3+ Bg6 32.Rc7 Qxc2 33.Rc6 Qe4 34.Rxa6 Qc2 35.h4 Be7
36.h5 Qd1+ 37.Kf2 Qxh5 38.Qf3 Qh4+ 39.Qg3 Qc4 40.Rxg6+ hxg6 41.Qxg6+ Kf8
42.Qh6+ Kf7 43.Qe3 Qc2+ 44.Kf1  1/2-1/2

[Event "CZE-ch U16"]
[Site "Svetla"]
[Date "1994.??.??"]
[Round "?"]
[White "Neuman, Petr"]
[Black "Majer, Jiri"]
[Result "1-0"]
[WhiteElo "2075"]
[BlackElo "2195"]

1.e4 c5 2.Nf3 d6 3.d4 cxd4 4.Nxd4 Nf6 5.Nc3 Nc6 6.Bg5 e6 7.Qd2 Be7 8.O-O-O O-O
9.Nb3 Qb6 10.f3 a6 11.h4 Rd8 12.Be3 Qc7 13.Qf2 Nd7 14.Bg5 b5 15.a3 Nf6 16.h5 Rb8
17.Bf4 Na5 18.Nxa5 Qxa5 19.Na2 Bb7 20.g4 Rbc8 21.Bd3 d5 22.e5 Nd7 23.g5 b4
24.Kb1 d4 25.Qg3 Bd5 26.b3 Bxb3 27.cxb3 Rc3 28.Nxc3 bxc3 29.Qh2 Rb8 30.Qa2 Bxa3
31.Bc1 Nc5 32.Bc2 d3 33.Rxd3 Nxd3 34.Bxd3 Qd5 35.Bc2 Bc5 36.Rd1 Qxe5 37.Qa5 Bd6
38.Qxe5 Bxe5 39.f4 Bc7 40.Rd7 Bb6 41.Bd3 a5 42.Kc2 Rc8 43.Ba6  1-0

[Event "SWE-chT 9394"]
[Site "SWE"]
[Date "1994.??.??"]
[Round "5"]
[White "Hermansson, Emil"]
[Black "Schneider, Lars Ake"]
[Result "0-1"]
[WhiteElo "2240"]
[BlackElo "2455"]

1.e4 c5 2.Nf3 Nc6 3.d4 cxd4 4.Nxd4 Nf6 5.Nc3 d6 6.Bg5 e6 7.Qd2 a6 8.O-O-O Bd7
9.f4 Be7 10.Nf3 b5 11.Bxf6 gxf6 12.f5 Qb6 13.g3 b4 14.fxe6 fxe6 15.Ne2 Qf2
16.Nh4 Rc8 17.Bh3 Ne5 18.Rhf1 Qc5 19.Nd4 Kf7 20.Qh6 a5 21.Nhf3 Nxf3 22.Rxf3 Rcg8
23.e5 Qxe5 24.Re3 Bf8 25.Qf4 Qxf4 26.gxf4 f5 27.Rde1 Rg6 28.Kd1 Rhg8 29.Nf3 h6
30.c3 Bc6 31.Nd4 Be4 32.cxb4 axb4 33.a3 d5 34.Nc6 bxa3 35.Ne5+ Kf6 36.bxa3 Rg1
37.Nd7+ Ke7 38.Nxf8 Kxf8 39.a4 Ke7 40.a5 d4 41.Ra3 Rxe1+ 42.Kxe1 Rg1+ 43.Kf2 Rh1
44.Bf1 Rxh2+ 45.Ke1 d3 46.a6 d2+ 47.Kd1 Rh1 48.a7 Rxf1+ 49.Kxd2 Ba8 50.Rc3 Ra1
51.Rc7+ Kd6 52.Rh7 Bc6  0-1

[Event "SWZ-ITA"]
[Site "?"]
[Date "1994.??.??"]
[Round "?"]
[White "Landenbergue, Claude"]
[Black "Mantovani, Renzo"]
[Result "1-0"]
[WhiteElo "2450"]
[BlackElo "2365"]

1.e4 c5 2.Nf3 d6 3.d4 cxd4 4.Nxd4 Nf6 5.Nc3 Nc6 6.Bg5 e6 7.Bb5 Bd7 8.Bxc6 bxc6
9.Qf3 c5 10.Nb3 Bc6 11.O-O-O Be7 12.Qd3 O-O 13.f4 Qb6 14.Kb1 Rfe8 15.Rhe1 Rab8
16.e5 dxe5 17.fxe5 Nd5 18.Bxe7 Rxe7 19.Qc4 Nxc3+ 20.Qxc3 Bxg2 21.Qxc5 Qb7
22.Qd4 h6 23.Rd3 Qb4 24.Qf2 Bd5 25.Rd4 Qb6 26.Rg1 g6 27.Qd2 Kh7 28.Rf1 Qb5
29.Re1 h5 30.Qg5 Rd7 31.Rf4 Bxb3 32.axb3 f5 33.Rh4 Rg8 34.Rg1 Qe2 35.Qf6 Rgg7
36.Ka2 Rde7  1-0

[Event "SWZ-chT"]
[Site "SWZ"]
[Date "1994.??.??"]
[Round "2"]
[White "Silva, Marco"]
[Black "Weindl, Alfred"]
[Result "0-1"]
[WhiteElo "2265"]
[BlackElo "2360"]

1.e4 c5 2.Nf3 Nc6 3.d4 cxd4 4.Nxd4 Nf6 5.Nc3 d6 6.Bg5 Bd7 7.Qd2 Nxd4 8.Qxd4 h6
9.Bxf6 gxf6 10.Bc4 Qa5 11.f4 Rc8 12.O-O-O Qc5 13.Bb3 Qxd4 14.Rxd4 e6 15.Rf1 Rg8
16.g3 h5 17.Rc4 Rxc4 18.Bxc4 h4 19.Ne2 Bc6 20.Bd3 Bh6 21.c4 e5 22.Kc2 exf4
23.Nxf4 hxg3 24.hxg3 Rxg3 25.Nd5 Rg2+ 26.Kc3 Bg7 27.Kb3 f5 28.exf5 Rxb2+
29.Ka3 Be5 30.Re1 Rh2 31.Kb3 a5 32.Re2 Rh3 33.Re3 Rh2 34.Re2 Rh3 35.Re3 Rh1
36.Be4 Rh2 37.Bd3 Kf8 38.Re2 Rh3 39.Re3 Rh1 40.Be4 Rh2 41.Bf3 a4+ 42.Ka3 Bd4
43.Rd3 Bc5+ 44.Nb4 Rh3 45.Be4 Rxd3+ 46.Bxd3 Ke7 47.Bc2 Kf6 48.Bxa4 Bxb4+
49.Kxb4 Bxa4 50.Kxa4 Kxf5  0-1

[Event "SWZ-chT"]
[Site "SWZ"]
[Date "1994.??.??"]
[Round "6"]
[White "Landenbergue, Claude"]
[Black "Georges, Sacha"]
[Result "1/2-1/2"]
[WhiteElo "2390"]
[BlackElo "2265"]

1.e4 c5 2.Nf3 d6 3.d4 cxd4 4.Nxd4 Nf6 5.Nc3 Nc6 6.Bg5 e6 7.Qd2 Be7 8.O-O-O O-O
9.Nb3 Qb6 10.f3 Rd8 11.Kb1 Qc7 12.Bxf6 Bxf6 13.g4 g6 14.g5 Bg7 15.f4 a6 16.h4 b5
17.h5 b4 18.Na4 Rb8 19.hxg6 hxg6 20.Qh2 Kf8 21.Rd3 Bd7 22.Rh3 Ke7 23.Rh7 Rh8
24.Qf2  1/2-1/2

[Event "SWZ-chT"]
[Site "SWZ"]
[Date "1994.??.??"]
[Round "9"]
[White "Huebner, Robert"]
[Black "Kortschnoj, Viktor"]
[Result "1/2-1/2"]
[WhiteElo "2605"]
[BlackElo "2615"]

1.e4 c5 2.Nf3 d6 3.d4 cxd4 4.Nxd4 Nf6 5.Nc3 Nc6 6.Bg5 e6 7.Qd2 a6 8.O-O-O Bd7
9.f4 h6 10.Bh4 g5 11.fxg5 Ng4 12.Be2 Nge5 13.Nf3 Be7 14.Kb1 hxg5 15.Bg3 b5
16.Rdf1 Nxf3 17.gxf3 Qc7 18.Nd1 Ne5 19.Ne3 a5 20.Rc1 Qc5 21.c4 b4 22.Bf2 Rh3
23.Ng4 Qc7 24.Nxe5 dxe5 25.Rcg1 O-O-O 26.Rg3 Ba4 27.Qc1 Rxg3 28.hxg3 Bc5
29.Be3 g4 30.fxg4 Qc6 31.Bxc5 Qxe4+ 32.Ka1 Qxe2 33.Bb6 Rd2 34.Bxa5 Bc6 35.Re1 Rc2
36.Qd1 Qxd1+ 37.Rxd1 Rxc4 38.g5 Rg4 39.Rd3 Rxg5 40.Bxb4 f5  1/2-1/2